000 01009cam a2200301 a 4500
999 _c6907
_d6907
001 13951104
003 OSt
005 20200130101822.0
008 050504s2005 ii b 001 0 eng
010 _a 2005320643
020 _a140392645X
025 _aI-E-2005-320643; 79-91; 84-13
037 _bLibrary of Congress -- New Delhi Overseas Office
_cRs450.00
040 _aDLC
_cDLC
042 _alcode
043 _aa-ii---
050 0 0 _aHG5732
_b.G64 2005
082 _a332.04150954
_bGOP/C
100 _aGopalsamy, N
_9527
245 1 0 _aCapital market :
_bthe Indian financial scene /
_cN. Gopalsamy.
260 _aDelhi :
_bMacmillan India,
_c2005.
300 _axix, 733 p. ;
_c25 cm.
504 _aIncludes bibliographical references and index.
650 0 _aCapital market
_zIndia.
906 _a7
_bcbc
_corigode
_d3
_encip
_f20
_gy-gencatlg
942 _2ddc
_cBK
_h332.04150954
_iGOP/C
_k332.04150954
_mGOP/C